00395 a2200109 4500001001000000005001700010008004100027245012800068100001900196773005300215999001700268ART_4207820260410161742.0260409a 10aLa protección constitucional del trabajo en los fallos recientes de la Corte Suprema de Justicia de la Nación Argentina1 aFera, Mario S.0 tDoctrina laboralg- Nº 320 (abr. 2012)wREV4049 c18875d18875